Highest Rated Albums of the 1990s - Statistics

General Stats
  • This quiz has been taken 20 times
  • The average score is 16 of 38
Answer Stats
Year Rating Album Artist Genre % Correct
1997 93 OK Computer Radiohead Art Rock
94%
1991 90 Nevermind Nirvana Alternative Rock
83%
1993 89 In Utero Nirvana Noise Rock
83%
1998 91 The Miseducation of ______ ____ Lauryn Hill Neo-Soul
78%
1993 92 Enter The __-____ (36 Chambers) Wu-Tang Clan Hardcore Hip Hop
72%
1994 93 Illmatic Nas East Coast Hip Hop
61%
1998 90 Aquemini OutKast Southern Hip Hop
56%
1996 88 ATLiens OutKast Southern Hip Hop
56%
1994 89 Ready to Die The Notorious B.I.G. East Coast Hip Hop
56%
1994 92 Grace Jeff Buckley Alternative Rock
50%
1997 91 Homogenic Björk Art Pop
44%
1995 88 Post Björk Art Pop
44%
1998 88 In the Aeroplane Over the Sea Neutral Milk Hotel Indie Folk
44%
1994 90 The Downward Spiral Nine Inch Nails Industrial Rock
44%
1999 88 The Fragile Nine Inch Nails Industrial Rock
44%
1991 90 The Low End Theory A Tribe Called Quest Jazz Rap
39%
1993 89 Midnight Marauders A Tribe Called Quest Jazz Rap
39%
1995 89 Liquid Swords GZA Hardcore Hip Hop
39%
1991 89 loveless my bloody valentine Shoegaze
39%
1992 91 Love Deluxe Sade Smooth Soul
39%
1995 88 Brown Sugar D’Angelo Neo-Soul
33%
1997 90 Either/Or Elliott Smith Indie Folk
33%
1998 89 Ray of Light Madonna Downtempo
33%
1995 90 The Infamous Mobb Deep Gangsta Rap
33%
1993 88 Siamese Dream The Smashing Pumpkins Alternative Rock
33%
1992 88 Selected Ambient Works 85-92 Aphex Twin Ambient Techno
28%
1990 90 Heaven or Las Vegas Cocteau Twins Dream Pop
28%
1990 88 Violator Depeche Mode Synthpop
28%
1996 90 LONG SEASON Fishmans Neo-Psychedelia
28%
1997 89 The Velvet Rope Janet Jackson Contemporary R&B
28%
1999 90 Black on Both Sides Mos Def Conscious Hip Hop
28%
1994 90 Dummy Portishead Trip Hop
28%
1993 88 Souvlaki Slowdive Shoegaze
28%
1998 88 Endtroducing… DJ Shadow Boom Bap
22%
1998 89 Mezzanine Massive Attack Trip Hop
22%
1999 91 When the Pawn… Fiona Apple Alternative Rock
17%
1999 88 Things Fall Apart The Roots East Coast HipHop
17%
1999 89 Bocanada Gustavo Cerati Neo-Psychedelia
6%
No matching quizzes found
Score Distribution
Percent of People with Each Score
Percentile by Number Answered
Your Score History
You have not taken this quiz